| 000 | 02003cim a2200625 a 4500 | ||
|---|---|---|---|
| 999 | _c58288 | ||
| 001 | 11311419 | ||
| 003 | LIBRIS | ||
| 005 | 20210811113601.0 | ||
| 007 | sd|||||||||||| | ||
| 008 | 090220s2009 sw nnn| |||||||| n swe | ||
| 020 | _a9789186229283 | ||
| 028 | 0 | 1 |
_aNummer saknas : _bEarbooks |
| 035 | _aAVM002493312 | ||
| 035 | _a(Bo)431113 | ||
| 035 | _a(Mo)b1719774 | ||
| 035 | _aAVM002493312 | ||
| 040 | _aS | ||
| 082 | 0 | 4 |
_a839.73 _222 (machine generated) |
| 084 |
_aHc.01 _2kssb/8 |
||
| 084 |
_aHc.01/LC _2kssb/8 |
||
| 100 | 1 |
_aPaborn, Sara _4aut |
|
| 245 | 1 | 0 |
_aSläktfeber _h[Ljudupptagning] / _cSara Paborn |
| 260 |
_aStockholm : _bEarbooks , _cp 2009 |
||
| 300 |
_a5 CD (6 tim., 30 min.) : _bstereo |
||
| 500 | _aOriginalupplaga för boken 2009 | ||
| 500 |
_5Mo _aInläsare:Anne-Li Norberg |
||
| 541 | _5S | ||
| 546 | _asvenska | ||
| 653 | _aSkönlitteratur | ||
| 655 | 7 |
_aLjudböcker _2saogf _0347758 |
|
| 655 | 4 |
_5Mo _aTal cd |
|
| 700 | 1 |
_aNorberg, Anne-Li _4nrt |
|
| 856 | 4 | 2 |
_uhttp://smdb.kb.se/resource/id/002493312 _zSvensk mediedatabas |
| 942 |
_2z _cAUDIOBOOK |
||